FSSC 22000 - nová schéma pre certifikáciu systémov manažérstva bezpečnosti potravín

Nová certifikačná schéma FSSC 22000 (Food Safety System Cedrification) vytvorená na certifikáciu výrobcov potravín vyrábajúcich potraviny pod svojou značkou, alebo značkou zákazníka. Pozícia v rámci medzinárodných noriem a porovnanie so súkromnými výrobkovými normami.

Uložené v:
Podrobná bibliografia
Hlavný autor: Horváth, Martin
Médium: Kapitola
Jazyk:Slovak
Predmet:
Tagy: Pridať tag
Žiadne tagy, Buďte prvý, kto otaguje tento záznam!

MARC

LEADER 00000naa a2200000 4500
001 0146365
005 20231012071750.9
041 0 |a slo 
044 |a SK 
245 1 0 |a FSSC 22000 - nová schéma pre certifikáciu systémov manažérstva bezpečnosti potravín  |c Martin Horváth 
520 |a Nová certifikačná schéma FSSC 22000 (Food Safety System Cedrification) vytvorená na certifikáciu výrobcov potravín vyrábajúcich potraviny pod svojou značkou, alebo značkou zákazníka. Pozícia v rámci medzinárodných noriem a porovnanie so súkromnými výrobkovými normami. 
610 2 0 |a potravinárstvo 
610 2 0 |a potraviny 
610 2 0 |a priemysel potravinársky 
610 2 0 |a výrobcovia 
610 2 0 |a kvalita výrobkov 
610 2 0 |a značky kvality 
610 2 0 |a bezpečnosť potravinová 
610 2 0 |a kontrola kvality 
610 2 0 |a normy kvality 
610 2 0 |a certifikáty 
100 1 |a Horváth, Martin